| 000 | 00550nam a22001817a 4500 | ||
|---|---|---|---|
| 005 | 20230328110055.0 | ||
| 040 | _curs | ||
| 050 | _aHF 5470 O74 2018 | ||
| 245 |
_aOrganizing and reorganizing markets _cedited by Nils Brunsson and Mats Jutterstrom |
||
| 260 |
_aOxford, United Kingdom _bOxford University Press _c2018 |
||
| 336 |
_2rdacontent _atext _btxt |
||
| 337 |
_2rdamedia _aunmediated _bn |
||
| 338 |
_2rdacarrier _avolume _bnc |
||
| 650 | 0 |
_94387 _aMarkets |
|
| 650 | 0 |
_94388 _aCommerce |
|
| 650 | 0 |
_93611 _aBusiness enterprises |
|
| 942 |
_2lcc _cFR |
||
| 999 |
_c69123 _d69123 |
||